000 00707nam a2200241 i 4500
001 19439
003 ES-MaACL
005 20230906152109.0
007 t|
008 020828s2001 sp ||||1| spa d
020 _a84-8432-240-8
080 _a592/599
100 1 _aTudge, Colin.
_9111638
245 1 3 _aLa variedad de la vida
_b: historia de todas las criaturas de la Tierra /
_cColin Tudge.
260 _aBarcelona :
_bCrítica,
_c[2001]
300 _a696 p. :
_bil. ;
_c29 cm.
490 1 _aDrakontos
504 _aBibliografía: p. 641-655.
650 1 4 _aAnimales-
_xClasificación.
_99832
830 0 _aDrakontos
_9179166
852 _aES-MaACL
_jL-25872
_bR.131111
999 _c19439
_d19439